000 00830nas a2200277 4500
001 BR2016003890
003 BR-BrBNA
005 20231205130609.0
007 ta
008 230509b bl.|||p| |||| 00| 00por d
040 _aBR-BrBNA
_bpor
_cBiblioteca Nacional de Agricultura
041 _a(Pt)
072 _aF02
100 1 _aSantarosa, E.
100 1 _aSouza, P.V.D. de
100 1 _aMariath, J.E. de A.
100 1 _aLourosa, G.V.
245 1 _aAlterações anatômicas do sistema vascular em porta-enxertos de videira
650 _aUVA
650 _aFISIOLOGIA VEGETAL
650 _aPORTA ENXERTO
650 _aXILEMA
773 0 _tPesquisa Agropecuária Brasileira (Brazil)
_xISSN 0100-204X
_g(Apr 2016), v. 51(4) p. 320-329
_wBR2016003890
909 _a202311
_bLúcia
_c55
_dLúcia Elande
942 _2AGRIS
_n0
_cANA
999 _c250264
_d250264